[Event "20th TCh-CRO w"]
[Site "Sibenik CRO"]
[Date "2011.09.04"]
[Round "1.1"]
[White "Bazaj Bockai,S"]
[Black "Turk,T"]
[Result "1-0"]
[WhiteElo "2081"]
[BlackElo "1889"]

1.e4 c5 2.Nf3 e6 3.d4 cxd4 4.Nxd4 a6 5.Nc3 Qc7 6.Bd3 Nf6 7.O-O Bc5 8.Nb3 Be7
9.f4 d6 10.Qe2 Nc6 11.Bd2 O-O 12.Rae1 Nd7 13.Kh1 b5 14.a3 Bb7 15.Rf3 Rfe8
16.Rh3 g6 17.f5 Bf6 18.fxg6 fxg6 19.Rf1 Bg7 20.Qg4 Nf8 21.Qh4 Re7 22.Ne2 Bc8
23.Bh6 Rf7 24.Rxf7 Qxf7 25.Rf3 Qe7 26.Bg5 Qe8 27.Bf4 Ne5 28.Bxe5 Bxe5 29.Nbd4 Bd7
30.c3 Bg7 31.Rf1 Qd8 32.Qf4 Qe7 33.Nf3 e5 34.Qd2 Ne6 35.c4 Nc5 36.cxb5 Nxd3
37.Qxd3 Rb8 38.bxa6 Bb5 39.Qb3+ Kh8 40.Nc3 Qe8 41.a7  1-0

[Event "2nd Manaus Open"]
[Site "Manaus BRA"]
[Date "2011.09.05"]
[Round "6"]
[White "Lima,Endson Dos Santos"]
[Black "Ferreira,Jos"]
[Result "1-0"]
[WhiteElo "2069"]
[BlackElo "1937"]

1.e4 c5 2.Nf3 e6 3.d4 cxd4 4.Nxd4 a6 5.Nc3 b5 6.a3 Bb7 7.Bd3 d6 8.O-O Nd7
9.Be3 Ngf6 10.Nce2 Rc8 11.Ng3 Ne5 12.Qe2 Nc4 13.Bxc4 Rxc4 14.Bg5 Be7 15.Rad1 Qc7
16.Rfe1 O-O 17.Kh1 Rd8 18.f4 h6 19.Bxf6 Bxf6 20.e5 Be7 21.Ndf5 d5 22.Nxe7+ Qxe7
23.Qf2 Rdc8 24.Rd2 Qc5 25.Ree2 Qxf2 26.Rxf2 g6 27.Kg1 h5 28.Ne2 a5 29.c3 Kf8
30.g3 Ke7 31.Kf1 Kd7 32.Ke1 Kc6 33.Rd4 Kb6  1-0

[Event "Yuzhny Open"]
[Site "Yuzhny UKR"]
[Date "2011.09.05"]
[Round "4.29"]
[White "Rudnev,Nikolai"]
[Black "Lomakin,V"]
[Result "0-1"]
[WhiteElo "1926"]
[BlackElo "2112"]

1.e4 c5 2.Nf3 e6 3.d4 cxd4 4.Nxd4 a6 5.Nc3 Qc7 6.Be2 Nf6 7.O-O Bc5 8.Be3 d6
9.Qd2 O-O 10.Rad1 b5 11.a3 Bb7 12.Bf3 Nbd7 13.Bg5 Ne5 14.Bxf6 gxf6 15.Qf4 Qe7
16.Nd5 Bxd5 17.exd5 Bxd4 18.Rxd4 Ng6 19.Qg3 e5 20.Re1 f5 21.h4 Qf6 22.Rb4 Kh8
23.h5 Ne7 24.Rd1 Rfc8 25.c3 Rc5 26.c4 Rg8 27.Qh3 Rxc4 28.Rxc4 bxc4 29.Be2 Rc8
30.Qc3 f4 31.Bxc4 Nf5 32.Qd3 Rg8 33.Qh3 e4 34.Bxa6 e3 35.Bd3 exf2+ 36.Kh2 Ne3
37.Rb1 Rg4 38.b4 Rh4 39.Bf1 Rxh3+ 40.gxh3 Qg5  0-1

[Event "10th Izmir Open"]
[Site "Izmir TUR"]
[Date "2011.09.06"]
[Round "7"]
[White "Eren,A"]
[Black "Valansi,A"]
[Result "1/2-1/2"]
[WhiteElo "1988"]
[BlackElo "2122"]

1.e4 c5 2.Nf3 e6 3.d4 cxd4 4.Nxd4 a6 5.Nc3 b5 6.a3 Bb7 7.Be2 b4 8.axb4 Bxb4
9.O-O Qc7 10.Bd2 Bxc3 11.Bxc3 Nf6 12.Bb4 Bxe4 13.Bf3 Qb7 14.Bxe4 Nxe4 15.c3 Nc6
16.Nxc6 Qxc6 17.Qg4 Nf6 18.Qe2 Ne4 19.Qd1  1/2-1/2

[Event "VII Ugra Governor's Cup"]
[Site "Khanty-Mansiysk RUS"]
[Date "2011.09.06"]
[Round "7"]
[White "Abramov,Al"]
[Black "Maletin,P"]
[Result "0-1"]
[WhiteElo "2246"]
[BlackElo "2575"]

1.e4 c5 2.Nf3 e6 3.d4 cxd4 4.Nxd4 a6 5.Nc3 Qc7 6.Be2 Nf6 7.O-O Bb4 8.Qd3 Nc6
9.Nxc6 bxc6 10.Bg5 d5 11.Bxf6 gxf6 12.f4 Bd6 13.e5 fxe5 14.fxe5 Bxe5 15.Bh5 O-O
16.Rae1 f6 17.Nd1 a5 18.Qh3 Ra7 19.Rf3 Qd6 20.Nf2 Bxb2 21.c3 Rg7 22.Ng4 f5
23.Ne5 Qc7 24.Rg3 d4 25.Rxg7+ Qxg7 26.c4 Bc3 27.Re2 c5 28.Nd3 Bb4 29.Bf3 Kh8
30.Nf4 d3 31.Rf2 Qa1+ 32.Bd1 Qxd1+ 33.Rf1 Qg4 34.Qh6 Kg8 35.Nxe6 Bxe6 36.Qxe6+ Kh8
37.Qd6 Qd4+  0-1

[Event "TCh-SRB Premier Men"]
[Site "Valjevo SRB"]
[Date "2011.09.06"]
[Round "11.1"]
[White "Vuckovic,Bo"]
[Black "Nikolov,Mo"]
[Result "1-0"]
[WhiteElo "2623"]
[BlackElo "2589"]

1.e4 c5 2.Nf3 e6 3.d4 cxd4 4.Nxd4 a6 5.Nc3 Qc7 6.Bd3 Nf6 7.O-O d6 8.f4 b5
9.Qe2 Nbd7 10.Kh1 Bb7 11.Bd2 b4 12.Na4 e5 13.Nf5 Qc6 14.b3 Nxe4 15.Bxb4 Ndf6
16.Rae1 h5 17.Bxd6 Bxd6 18.Bxe4 Nxe4 19.Qxe4 Bc7 20.Qxc6+ Bxc6 21.Nc5 g6
22.Nd4 Bd5 23.c4 O-O-O 24.cxd5 exd4 25.Nxa6 Bb6 26.Re7 Rd7 27.Rc1+ Kd8 28.Re5 Ra7
29.Nb4 Kd7 30.a4 Bc7 31.Re4 Rb7 32.Na6 Bd6 33.b4 Ra7 34.b5 d3 35.g3 h4 36.Kg2 Rc8
37.Rxc8 Kxc8 38.Kf3  1-0

[Event "Yuzhny Open"]
[Site "Yuzhny UKR"]
[Date "2011.09.06"]
[Round "6.12"]
[White "Andrenko,I"]
[Black "Olenichev,D"]
[Result "1/2-1/2"]
[WhiteElo "2231"]
[BlackElo "2271"]

1.e4 c5 2.Nf3 e6 3.d4 cxd4 4.Nxd4 a6 5.Nc3 Qc7 6.g3 Nf6 7.Bg2 Be7 8.O-O d6
9.f4 h5 10.h3 Nbd7 11.Kh1 Nf8 12.Qe2 Ng6 13.f5 Ne5 14.Nf3 Bd7 15.fxe6 Bxe6
16.Nxe5 dxe5 17.Nd5 Nxd5 18.exd5 Bd7 19.c4 f5 20.b4 Bf6 21.Bb2 e4 22.Bxe4 O-O-O
23.Bxf6 gxf6 24.Bxf5 Bxf5 25.Rxf5 Qxg3 26.Qf3 Qc7 27.c5 Rhe8 28.d6 Qd7 29.Rxf6 Qb5
30.a3 Kb8 31.Rf7 a5 32.Rxb7+ Qxb7 33.c6 Qb5 34.c7+ Ka7 35.cxd8=Q Rxd8 36.Qe3+ Kb8
37.Qc5 Qb7+ 38.Kh2 Rc8 39.Qf2 Qb5 40.Rd1 Rg8 41.d7 Qe5+ 42.Kh1 Qe4+ 43.Kh2 Qe5+  1/2-1/2

[Event "VII Ugra Governor's Cup"]
[Site "Khanty-Mansiysk RUS"]
[Date "2011.09.07"]
[Round "8"]
[White "Bezgodov,A"]
[Black "Fedorov,Alex"]
[Result "1-0"]
[WhiteElo "2503"]
[BlackElo "2598"]

1.e4 c5 2.Nf3 e6 3.d4 cxd4 4.Nxd4 a6 5.Nc3 b5 6.Bd3 Bb7 7.O-O Bc5 8.Nb3 Be7
9.Re1 Qc7 10.e5 f5 11.Nd4 g6 12.Be2 Nc6 13.Nxc6 Bxc6 14.Bf3 Rc8 15.Bxc6 Qxc6
16.Bf4 h5 17.Qd2 h4 18.h3 Rh5 19.a4 b4 20.Ne2 g5 21.Be3 f4 22.Nd4 Qc4 23.Qd1 Rh7
24.Bc1 Nh6 25.b3 Qd5 26.Qh5+ Kf8 27.Bb2 Kg7 28.Rad1 Qb7 29.Rd3 Rhh8 30.Qd1 Rc7
31.Re2 Kg6 32.Red2 Rh7 33.Nf3 Bf8 34.Qe2 Rf7 35.Rd6 Rc6 36.Nd4 Rxd6 37.exd6 Bg7
38.Qd3+ Nf5 39.Nxe6 Bxb2 40.Nd8 Qc8 41.Nxf7 Qf8 42.Qxa6 Qxf7 43.Qe2 Bd4 44.a5 Kf6
45.Qe4 Ba7 46.Re2 Nd4 47.Qe7+ Qxe7 48.Rxe7 Nc6 49.Rxd7 Ke6 50.Rg7 Kxd6 51.Rxg5 Bc5
52.a6 Bd4 53.Rg4 Be5 54.Rxh4 Kc7 55.Rh7+ Kb6 56.Rh6 Kb5 57.h4 Bd4 58.h5 Ne5
59.Rd6  1-0

[Event "VII Ugra Governor's Cup"]
[Site "Khanty-Mansiysk RUS"]
[Date "2011.09.07"]
[Round "8"]
[White "Obodchuk,A"]
[Black "Kabanova,E"]
[Result "1-0"]
[WhiteElo "2373"]
[BlackElo "2199"]

1.e4 c5 2.Nf3 e6 3.d4 cxd4 4.Nxd4 a6 5.Nc3 Qc7 6.g3 Nf6 7.Bg2 Be7 8.O-O O-O
9.g4 Nc6 10.Nxc6 bxc6 11.g5 Ne8 12.f4 d5 13.f5 dxe4 14.f6 gxf6 15.gxf6 Nxf6
16.Bf4 e5 17.Bg5 Ng4 18.Qc1 f5 19.h3 Bc5+ 20.Kh1 Nf2+ 21.Kh2 Qa7 22.Na4 Bd4
23.Bh6 Rf6 24.c3 Nd3 25.Qg5+ Kf7 26.cxd4 Qxd4 27.Qg7+ Ke6 28.Qg8+ Kd7 29.Bg5 Rg6
30.Qxh7+  1-0

[Event "Yuzhny Open"]
[Site "Yuzhny UKR"]
[Date "2011.09.07"]
[Round "7.19"]
[White "Rakhmangulova,A"]
[Black "Lomakin,V"]
[Result "1-0"]
[WhiteElo "2207"]
[BlackElo "2112"]

1.e4 c5 2.Nf3 e6 3.d4 cxd4 4.Nxd4 a6 5.Nc3 Qc7 6.Be3 Bb4 7.Qd2 Nf6 8.f3 d5
9.Bd3 e5 10.Nde2 d4 11.Nxd4 exd4 12.Bxd4 Nc6 13.Be3 Be6 14.a3 Qa5 15.O-O Bc5
16.b4 Bxe3+ 17.Qxe3 Qe5 18.Ne2 g5 19.c4 Rd8 20.Rad1 Nd4 21.Nc3 Nf5 22.Qc1 Qd4+
23.Rf2 Ne3 24.Ne2 Qa7 25.Rd2 Neg4 26.fxg4 Nxg4 27.c5 Nxf2 28.Kxf2 Qb8 29.Qc3 Ke7
30.g3 f6 31.Nd4 Qe5 32.Bc4 Bd7 33.Bd5 Rb8 34.Kg2 Rhe8 35.Rf2 Kf8 36.Qd2 h6
37.Nf3 Qe7 38.Nxg5 Kg7 39.Nf7 Be6 40.Nxh6 Rh8 41.Nf5+ Bxf5 42.Rxf5 Rbf8 43.Qf4 Rh6
44.h4 Qd7 45.h5 Qb5 46.Qf3 Qd7 47.e5 Qe7 48.Qf4 Kh7 49.Be4 Kg7 50.exf6+ Rfxf6
51.Rg5+ Kh8 52.Qg4 Rf8 53.Bd5 Qe2+ 54.Kh3 Qe8 55.Qd4+ Rhf6 56.Rg8+ Kh7 57.Qxf6  1-0

[Event "8th LGA Premium Cup"]
[Site "Nuernberg GER"]
[Date "2011.09.09"]
[Round "2.41"]
[White "Sieber,H"]
[Black "Lanka,Z"]
[Result "0-1"]
[WhiteElo "2041"]
[BlackElo "2469"]

1.Nf3 c5 2.e4 e6 3.Nc3 a6 4.d4 cxd4 5.Nxd4 Qc7 6.Be3 Bb4 7.Ne2 Nf6 8.Qd3 Nc6
9.f4 d5 10.O-O-O dxe4 11.Nxe4 Nd5 12.Bd2 Be7 13.N2c3 O-O 14.Nxd5 exd5 15.Ng5 g6
16.Qxd5 Bf5 17.Nxf7 Rxf7 18.Bc4 Rf8 19.a3 Bf6 20.Qc5 Bd4 21.Bxf7+ Qxf7 22.Qd6 Qa2  0-1

[Event "TCh-POL 1st League"]
[Site "Mrzezyno POL"]
[Date "2011.09.10"]
[Round "8"]
[White "Janaszak,Daw"]
[Black "Helis,T"]
[Result "1/2-1/2"]
[WhiteElo "2352"]
[BlackElo "2222"]

1.e4 c5 2.Nf3 e6 3.d4 cxd4 4.Nxd4 a6 5.Nc3 Qc7 6.Bd3 Nc6 7.Be3 Nf6 8.O-O Ne5
9.h3 Bc5 10.Kh1 d6 11.f4 Ng6 12.Qe1 O-O 13.f5 Ne5 14.Qg3 Kh8 15.Rad1 Bd7
16.Nce2 exf5 17.exf5 Nxd3 18.cxd3 Qb6 19.Qh4 Rae8 20.Bg5 d5 21.Rf3 Be7 22.Nf4 Bd8
23.Ng6+ fxg6 24.fxg6 Nh5 25.Qxh5 Qxg6 26.Rxf8+ Rxf8 27.Qxg6 hxg6 28.Bxd8 Rxd8
29.Kg1 Kh7 30.Kf2 Rf8+ 31.Ke3 Re8+ 32.Kd2 Rf8 33.Nf3 d4 34.Rf1 Kg8 35.Ke2 Re8+
36.Kf2 Bb5 37.Rd1 Re3 38.Nxd4 Rxd3 39.Rxd3 Bxd3 40.h4 Kf7 41.Ke3 Bc4 42.a3 Bd5  1/2-1/2

[Event "Sorea Open"]
[Site "Stara Lubovna SVK"]
[Date "2011.09.10"]
[Round "3"]
[White "Liscinsky,Martin"]
[Black "Sromovsky,J"]
[Result "1/2-1/2"]
[WhiteElo "1757"]
[BlackElo "2028"]

1.e4 c5 2.Nf3 e6 3.d4 cxd4 4.Nxd4 a6 5.Nc3 Qc7 6.Be2 Nf6 7.O-O Be7 8.a4 Nc6
9.Nxc6 dxc6 10.Be3 a5 11.f4 O-O 12.Qe1 Bb4 13.Bf3 b6 14.Qf2 Nd7 15.Rad1 Bxc3
16.bxc3 c5 17.e5 Rb8 18.Rd6 f6 19.Rc6 Qa7 20.exf6 Nxf6 21.Rd1  1/2-1/2

[Event "FSIM September"]
[Site "Budapest HUN"]
[Date "2011.09.11"]
[Round "9"]
[White "Szalanczy,E"]
[Black "Farago,S"]
[Result "0-1"]
[WhiteElo "2347"]
[BlackElo "2278"]

1.e4 c5 2.Nf3 a6 3.Nc3 e6 4.d4 cxd4 5.Nxd4 b5 6.Bd3 Bb7 7.Be3 Nc6 8.f4 Qb6
9.Nf5 Qa5 10.Ng3 b4 11.Nce2 Bc5 12.Bxc5 Qxc5 13.e5 d5 14.Qd2 g6 15.a3 Nge7
16.h4 h5 17.Nc1 Qb6 18.Nb3 a5 19.Qf2 Qxf2+ 20.Kxf2 Ba6 21.Bxa6 Rxa6 22.axb4 Nxb4
23.Nd4 O-O 24.Ke3 Nbc6 25.Nge2 Rb6 26.b3 Rb4 27.Kd3 Rc8 28.g3 Kg7 29.Ra3 Rc7
30.Rha1 Rc8 31.Ra4 Rc7 32.R1a3 Rc8 33.Rxb4 axb4 34.Ra4 Nxd4 35.Nxd4 Rc3+
36.Kd2 Rxg3 37.Rxb4 Rh3 38.Rb7 Kf8 39.Rb8+ Kg7 40.b4 Rxh4 41.b5 Rxf4 42.c3  0-1

[Event "8th LGA Premium Cup"]
[Site "Nuernberg GER"]
[Date "2011.09.11"]
[Round "6.5"]
[White "Hector,J"]
[Black "Wagner,De"]
[Result "1-0"]
[WhiteElo "2575"]
[BlackElo "2290"]

1.e4 c5 2.Nf3 e6 3.d4 cxd4 4.Nxd4 a6 5.Nc3 Qc7 6.Bd3 Nf6 7.O-O d6 8.Qe2 Nbd7
9.Bd2 b6 10.f4 Bb7 11.b4 Be7 12.Rae1 O-O 13.e5 Nd5 14.Nxd5 Bxd5 15.c4 Bb7
16.Qh5 g6 17.Qh6 Rfd8 18.Bxg6 hxg6 19.Nxe6 Bf8 20.Qxf8+ Nxf8 21.Nxc7 Rac8
22.Be3 dxe5 23.Bxb6 Rd7 24.fxe5 Rcxc7 25.Bxc7 Rxc7 26.c5 Bd5 27.Rf2 Ne6 28.Rd1 Bc4
29.Rd6 Kf8 30.Rc2 Bb5 31.Rcd2 Ke7 32.a4 Bc4 33.c6 Ke8 34.Rb2  1-0

[Event "8th LGA Premium Cup"]
[Site "Nuernberg GER"]
[Date "2011.09.11"]
[Round "6.17"]
[White "Lobzhanidze,D"]
[Black "Kersten,U"]
[Result "1-0"]
[WhiteElo "2487"]
[BlackElo "2315"]

1.e4 c5 2.Nf3 e6 3.d4 cxd4 4.Nxd4 a6 5.Nc3 Qc7 6.Bd3 Nf6 7.Qe2 d6 8.O-O Be7
9.Kh1 Nbd7 10.Bd2 Nc5 11.b4 Nxd3 12.cxd3 O-O 13.Rac1 Qd8 14.Nb3 e5 15.d4 exd4
16.Nxd4 Re8 17.Qd3 h6 18.f3 Bf8 19.Rfe1 d5 20.e5 Nd7 21.e6 Nf6 22.exf7+ Kxf7
23.Rxe8 Qxe8 24.Nce2 Kg8 25.a3 Bd7 26.Nf4 Rc8 27.Re1 Qf7 28.Rc1 Rc4 29.Re1 Bd6
30.Nfe2 Be5 31.Nf5 Bxh2 32.Nxh6+ gxh6 33.Kxh2 Qh5+ 34.Kg1 Rh4 35.Ng3 Qf7
36.Bc3 Nh5 37.Nxh5 Qxh5 38.Kf2 Rc4 39.Re5 Qf7 40.Qe3 d4 41.Bxd4 Rc2+ 42.Kg1 Qg6
43.g4 Rc4 44.Re7 Qd6 45.Rg7+ Kf8 46.Be5 Qd1+ 47.Kh2 Bc6 48.Bd4 Rc2+ 49.Kg3 Qxf3+
50.Qxf3+ Bxf3 51.Kxf3  1-0

[Event "8th LGA Premium Cup"]
[Site "Nuernberg GER"]
[Date "2011.09.11"]
[Round "6.24"]
[White "Milov,L"]
[Black "Kunz,K"]
[Result "1-0"]
[WhiteElo "2510"]
[BlackElo "2249"]

1.e4 c5 2.Nf3 e6 3.d4 cxd4 4.Nxd4 a6 5.Nc3 Qc7 6.Qf3 Nf6 7.Bg5 Be7 8.O-O-O Nc6
9.Be2 Qe5 10.Bf4 Nxd4 11.Bxe5 Nxf3 12.Bxf3 Bc5 13.Bg3 h5 14.e5 Ng4 15.Ne4 Bb6
16.h3 Nh6 17.Nd6+ Ke7 18.Bh4+ f6 19.Rhe1 Bc7 20.Bg3 Bxd6 21.exf6+ gxf6 22.Bxd6+ Kd8
23.Bc5 Kc7 24.Re4  1-0

[Event "8th LGA Premium Cup"]
[Site "Nuernberg GER"]
[Date "2011.09.11"]
[Round "7.18"]
[White "Lanka,Z"]
[Black "Strunski,A"]
[Result "1/2-1/2"]
[WhiteElo "2469"]
[BlackElo "2322"]

1.e4 c5 2.Nf3 e6 3.Nc3 a6 4.d4 cxd4 5.Nxd4 Qc7 6.Bd3 Nc6 7.Nxc6 bxc6 8.O-O d5
9.Qe2 Nf6 10.Bg5 Be7 11.e5 h6 12.Bf4 Nd7 13.Na4 c5 14.c4 d4 15.b3 Bb7 16.Rae1 h5
17.Be4 g6 18.Nb2 Kf8 19.Bxb7 Qxb7 20.Qd2 Kg7 21.f3 h4 22.Nd3 Rh5 23.h3 a5
24.Rb1 Qc7 25.a4  1/2-1/2

[Event "Sorea Open"]
[Site "Stara Lubovna SVK"]
[Date "2011.09.11"]
[Round "7"]
[White "Naigebauer,Martin"]
[Black "Sromovsky,J"]
[Result "1-0"]
[WhiteElo "1812"]
[BlackElo "2028"]

1.e4 c5 2.Nf3 e6 3.d4 cxd4 4.Nxd4 a6 5.Nc3 Qc7 6.Be3 Nf6 7.f3 b6 8.Qd2 Bb7
9.O-O-O d6 10.g4 Be7 11.g5 Nfd7 12.h4 Nc6 13.Bh3 Nxd4 14.Bxd4 Rg8 15.Kb1 b5
16.h5 b4 17.Ne2 Rc8 18.g6 hxg6 19.hxg6 Bf6 20.Bxf6 Nxf6 21.Nd4 Bxe4 22.gxf7+ Kxf7
23.Bxe6+ Ke7 24.Bxg8 Rxg8 25.fxe4 Nxe4 26.Rhe1 d5 27.Qg5+  1-0

[Event "ch-Euro Youth b18"]
[Site "Albena BUL"]
[Date "2011.09.14"]
[Round "4.34"]
[White "Talmazan,Ole"]
[Black "Forcen Esteban,D"]
[Result "1/2-1/2"]
[WhiteElo "1964"]
[BlackElo "2441"]

1.e4 c5 2.Nf3 e6 3.d4 cxd4 4.Nxd4 a6 5.Nc3 Qc7 6.Bd3 Nf6 7.O-O Bc5 8.Nb3 Ba7
9.Kh1 h5 10.Qe2 Ng4 11.f4 Qb6 12.h3 d6 13.g3 Nf2+ 14.Kg2 Nxd3 15.cxd3 Nc6
16.f5 Nd4 17.Nxd4 Qxd4 18.Qf3 Bd7 19.Bg5 f6 20.Ne2 Qb6 21.fxe6 Bxe6 22.Bxf6 Rf8
23.Qxh5+ Bf7 24.Qg4 gxf6 25.Rxf6 Ke7 26.Raf1 Qxb2 27.Qg5 Ke8 28.Qg4 Ke7 29.Qg5 Ke8
30.Qg4  1/2-1/2

[Event "ch-Euro Youth g16"]
[Site "Albena BUL"]
[Date "2011.09.15"]
[Round "5.6"]
[White "Zarkovic,M"]
[Black "Iwanow,A"]
[Result "0-1"]
[WhiteElo "2025"]
[BlackElo "2191"]

1.e4 c5 2.Nf3 e6 3.d4 cxd4 4.Nxd4 a6 5.Nc3 Qc7 6.f4 b5 7.Be3 Bb7 8.Bd3 Bb4
9.O-O Bxc3 10.bxc3 Nf6 11.Qf3 d6 12.Rae1 Qxc3 13.Qg3 Nbd7 14.e5 Nd5 15.exd6 O-O-O
16.Bf2 h5 17.Ne2 Qc6 18.c4 bxc4 19.Bxc4 N7b6 20.Bb3 h4 21.Qh3 Qxd6 22.Rc1+ Kb8
23.Bc5 Qd7 24.Rfd1 Na4 25.Bf2 Nb2 26.Rd4 Qb5 27.Rc2 Nd1 28.Rxd1 Nxf4 29.Rxd8+ Rxd8
30.Nxf4 Rd1+ 31.Be1 Rxe1+ 32.Kf2 Qf1+  0-1

[Event "ch-Euro Youth b14"]
[Site "Albena BUL"]
[Date "2011.09.15"]
[Round "5.9"]
[White "Khegay,D"]
[Black "Hovhannisyan,Karen"]
[Result "1-0"]
[WhiteElo "2200"]
[BlackElo "2050"]

1.e4 c5 2.Nc3 e6 3.Nf3 a6 4.d4 cxd4 5.Nxd4 Qc7 6.g3 Nf6 7.Bg2 Be7 8.O-O Nc6
9.a4 O-O 10.Nb3 d6 11.f4 Rb8 12.a5 Nd7 13.g4 Nc5 14.Be3 Nb4 15.Nxc5 dxc5
16.Na4 Nc6 17.Nxc5 Nxa5 18.Nd3 Nc4 19.Bf2 b5 20.b3 Na3 21.b4 Nc4 22.Qe2 a5
23.bxa5 Nxa5 24.Ne5 Bb4 25.Rab1 Bc3 26.Nf3 Nc4 27.Bd4 Bxd4+ 28.Nxd4 e5 29.fxe5 Qxe5
30.Qf2 Rb6 31.Nf5 Rb7 32.h3 Rd8 33.Rbd1 Rbd7 34.Rd3 Rxd3 35.cxd3 Bxf5 36.Qxf5 Qxf5
37.Rxf5 Na3 38.Bf1 b4 39.Rf2 Nb5 40.Rb2 Rd4 41.Kf2 Nc3 42.Rb3 f6 43.Ke3 Nb5
44.Be2 Kf7 45.Rb2 Ke6 46.Rc2 Rd6 47.Rb2 Nc3 48.Rxb4 Nxe2 49.Kxe2 Rd7 50.Rb6+ Ke7
51.Ke3 Ra7 52.h4 h5 53.g5 fxg5 54.Rg6 Kf7 55.Rxg5 g6 56.Rb5 Ra1 57.Kf4 Rh1
58.Ke5 Rxh4 59.Rb7+ Ke8 60.d4 Rg4 61.d5 h4 62.Rh7 g5 63.d6 Rf4 64.Kd5 Rf7
65.Rxf7 Kxf7 66.d7 Ke7 67.Kc6 Kd8 68.Kd6  1-0

[Event "ch-Nordic Senior"]
[Site "Reykjavik ISL"]
[Date "2011.09.15"]
[Round "6.18"]
[White "Gudmundsson,Ei"]
[Black "Gummesson,Ingvar"]
[Result "0-1"]
[WhiteElo "1713"]
[BlackElo "1955"]

1.e4 c5 2.Nf3 e6 3.d4 cxd4 4.Nxd4 a6 5.Nc3 Qc7 6.Be2 Nf6 7.O-O Bb4 8.Qd3 Nc6
9.Nxc6 dxc6 10.Bg5 Be7 11.Rad1 O-O 12.Kh1 b5 13.f4 b4 14.Na4 c5 15.Bxf6 Bxf6
16.e5 Be7 17.b3 Rd8 18.Qe3 Bb7 19.Nb2 a5 20.Rxd8+ Rxd8 21.f5 exf5 22.Rxf5 Rd4
23.Bc4 Rg4 24.Bxf7+ Kh8 25.Rf2 Bh4 26.Bd5 Bxf2 27.Qxf2 Bxd5 28.Qf8+ Bg8  0-1

[Event "ch-Nordic Senior"]
[Site "Reykjavik ISL"]
[Date "2011.09.15"]
[Round "6.16"]
[White "Gardarsson,Ha"]
[Black "Jonsson,S"]
[Result "0-1"]
[WhiteElo "1950"]
[BlackElo "1836"]

1.Nf3 c5 2.e4 e6 3.d4 cxd4 4.Nxd4 a6 5.Nc3 Nc6 6.Be3 Nge7 7.Nb3 b5 8.a3 Ng6
9.f4 Bb7 10.g3 Rc8 11.Bg2 Be7 12.O-O Na5 13.f5 Nc4 14.Qe1 Nxe3 15.Qxe3 Ne5
16.fxe6 dxe6 17.Kh1 O-O 18.Qe2 Nc4 19.Nd1 Qc7 20.Nd4 Rfd8 21.c3 Bg5 22.Rf3 e5
23.Nb3 Rd6 24.Nf2 Nd2 25.Nxd2 Rxd2 26.Qe1 Rcd8 27.Rd1 Rxb2 28.Rxd8+ Qxd8
29.Rd3 Qe7 30.h4 Bf6 31.Ng4 Qxa3 32.Nxf6+ gxf6 33.Rd8+ Kg7 34.Qd1 f5 35.Qc1 h6
36.Rd7 Ra2 37.Qxa3 Rxa3 38.exf5 Bxg2+ 39.Kxg2 Rxc3 40.Rd6 Ra3 41.Rb6 h5 42.Kf2 b4
43.Rxb4 Kf6 44.Rb7 a5 45.Ra7 a4 46.Kg2 e4 47.Kf2 Rf3+ 48.Kg2 a3 49.Ra5 Rb3
50.Kf2 Rc3 51.Kg2 Rc2+ 52.Kh3 a2 53.g4 Rc3+ 54.Kg2 hxg4 55.Rxa2 Kxf5 56.Ra7 f6
57.h5 Rh3  0-1

[Event "11th Josipa Ipavca Mem"]
[Site "Sentjur SLO"]
[Date "2011.09.15"]
[Round "2"]
[White "Laposi,Andrej"]
[Black "Loncar,R"]
[Result "0-1"]
[WhiteElo "1805"]
[BlackElo "2385"]

1.e4 c5 2.Nf3 e6 3.d4 cxd4 4.Nxd4 a6 5.Nc3 b5 6.Be3 Bb7 7.Bd3 Qc7 8.O-O Nf6
9.Qf3 Be7 10.a4 b4 11.Nce2 O-O 12.Ng3 Nc6 13.Nxc6 Bxc6 14.Qe2 d5 15.exd5 Bxd5
16.Nh5 Nxh5 17.Qxh5 g6 18.Qe2 Qc6 19.f3 Bf6 20.Rfb1 a5 21.Qf2 Bg7 22.Bb5 Qc7
23.Bb6 Qe5 24.f4 Qb8 25.Bd4 Bxd4 26.Qxd4 Qb7 27.Qf2 Rac8 28.Bd3 Rfd8 29.Rd1 Rd6
30.Bb5 Qc7 31.Rac1 Bb7 32.Rd4 Rxd4 33.Qxd4 Rd8 34.Qe3 Qd6 35.Bd3 Qc6 36.Qd2 Qxa4
37.Rd1 Qc6 38.Qe2 a4 39.Ra1 a3 40.bxa3 bxa3 41.Bc4 Rd4  0-1

[Event "2nd Zlatni Rat Open"]
[Site "Bol CRO"]
[Date "2011.09.16"]
[Round "8.1"]
[White "Zelcic,R"]
[Black "Markus,Rob"]
[Result "0-1"]
[WhiteElo "2564"]
[BlackElo "2635"]

1.e4 c5 2.Nf3 e6 3.d4 cxd4 4.Nxd4 a6 5.Nc3 b5 6.Bd3 Qb6 7.Nf3 Qc7 8.O-O Bb7
9.Re1 Be7 10.e5 f5 11.Nh4 g6 12.Nf3 Nc6 13.a4 b4 14.Nb1 Bc5 15.Nbd2 Na5 16.Nf1 h6
17.Be3 Ne7 18.Bxc5 Qxc5 19.Ne3 O-O 20.b3 Nd5 21.Nc4 Nxc4 22.Bxc4 Kg7 23.a5 Rac8
24.Qd2 Rc7 25.Nd4 Qe7 26.Ne2 Qg5 27.Qxg5 hxg5 28.h3 Kf7 29.Red1 Ke7 30.Rd3 f4
31.c3 Nxc3 32.Nxc3 bxc3 33.Rxc3 Bd5 34.Ra4 Rc5 35.Rd3 Bxc4 36.Rc3 Bxb3 37.Rxb3 Rxe5
38.Rb6 Ra8 39.Rb7 Rb5 40.Rc7 Kd8 41.Rc1 Rc8  0-1

[Event "FIDE World Cup 2011"]
[Site "Khanty-Mansiysk RUS"]
[Date "2011.09.16"]
[Round "7.1"]
[White "Grischuk,A"]
[Black "Svidler,P"]
[Result "0-1"]
[WhiteElo "2746"]
[BlackElo "2739"]

1.e4 c5 2.Nf3 e6 3.d4 cxd4 4.Nxd4 a6 5.Nc3 b5 6.Bd3 Qb6 7.Nf3 Nc6 8.O-O Qb8
9.Re1 Bd6 10.e5 Bc7 11.Bf4 Nge7 12.Qe2 Ng6 13.Bg3 Bb7 14.Rad1 Nce7 15.Be4 Bxe4
16.Nxe4 O-O 17.Rxd7 Nd5 18.Nd6 Nb6 19.Rxf7 Rxf7 20.Nxf7 Kxf7 21.Ng5+ Kg8
22.Nxe6 Qc8 23.Qg4 Ra7 24.Rd1 Na4 25.h3 Nxb2 26.Rd5 Bb6 27.Rd6 Nc4 28.Qf5 Rf7
29.Qe4 Nxd6 30.exd6 Nf8  0-1

[Event "ch-Nordic Senior"]
[Site "Reykjavik ISL"]
[Date "2011.09.16"]
[Round "7.15"]
[White "Gunnlaugsson,G"]
[Black "Sandklef,A"]
[Result "1-0"]
[WhiteElo "1846"]
[BlackElo "2008"]

1.e4 c5 2.Nf3 e6 3.d4 cxd4 4.Nxd4 a6 5.Nc3 Qc7 6.Bd3 Nc6 7.Nxc6 dxc6 8.O-O Nf6
9.f4 e5 10.f5 b5 11.a3 Bc5+ 12.Kh1 Bb7 13.Qe1 O-O-O 14.b4 Bd4 15.Rb1 c5 16.bxc5 Qxc5
17.Nd1 Qc6 18.Bg5 Rd6 19.Bxf6 Rxf6 20.Ne3 Qc5 21.Ng4 Rd6 22.Rb3 Rc6 23.f6 g6
24.h3 h5 25.Nh2 g5 26.Rf5 g4 27.Qh4 gxh3 28.Qxh3 Kb8 29.Rxh5 Rxh5 30.Qxh5 Rc7
31.Ng4 Bc8 32.Rb1 Be6 33.a4 Bc4 34.axb5 axb5 35.Bxc4 Qxc4 36.Nxe5 Qc5 37.Nd7+ Rxd7
38.Rxb5+ Qxb5 39.Qxb5+ Kc8 40.e5 Rd8 41.g4 Rd7 42.g5 Rc7 43.c4 Kd8 44.Qd5+ Rd7
45.Qa5+ Ke8 46.Kg2 Ra7 47.Qb5+ Rd7 48.Kf3 Bc3 49.Ke4 Bd4 50.Kf5 Ba7 51.e6  1-0

[Event "TCh-FIN SM-Liiga 2011-12"]
[Site "Helsinki FIN"]
[Date "2011.09.17"]
[Round "1.7"]
[White "Kosmo,S"]
[Black "Linnanen,L"]
[Result "1/2-1/2"]
[WhiteElo "2213"]
[BlackElo "2168"]

1.e4 c5 2.Nf3 e6 3.Nc3 a6 4.d4 cxd4 5.Nxd4 Bc5 6.Be3 Qc7 7.Qg4 Kf8 8.f4 b5
9.O-O-O Nf6 10.Qf3 Bb7 11.Bd3 Qb6 12.Qf2 Kg8 13.h3 Nc6 14.Be2 h5 15.e5 Nxd4
16.Bxd4 Bxd4 17.Qxd4 Qxd4 18.Rxd4 Nd5 19.Nxd5 Bxd5 20.Bf3 Bxf3 21.gxf3 Rh6
22.Rg1 Ra7 23.Kd2 Kh7 24.Kc3 Rc7+ 25.Kb3 Rg6 26.Rxg6 Kxg6 27.c3 Kf5 28.Kb4 f6
29.Ka5 Rc6 30.Rxd7 Kxf4 31.Rd6 Rc5 32.exf6 gxf6 33.Rxe6 Kxf3 34.Rxf6+ Kg3
35.Rxa6 Kxh3 36.Kb4 Rg5 37.a4 bxa4 38.Kxa4 h4 39.b4 Kg4 40.Kb3 h3 41.Ra1 h2
42.c4 Kf5 43.Rh1 Rh5 44.c5 Ke6 45.Kc4 Kd7 46.b5 Rh4+ 47.Kd3 Rh5 48.Kd4 Rh4+
49.Ke3 Rh5 50.Kd4  1/2-1/2

[Event "ch-Euro Youth g18"]
[Site "Albena BUL"]
[Date "2011.09.18"]
[Round "7.18"]
[White "Turkova,K"]
[Black "Santeramo,Alessia C."]
[Result "1/2-1/2"]
[WhiteElo "1981"]
[BlackElo "1761"]

1.e4 c5 2.Nf3 e6 3.d4 cxd4 4.Nxd4 a6 5.Nc3 Qc7 6.Be2 Nf6 7.O-O b5 8.a3 Bb7
9.Qd3 Be7 10.f4 d6 11.Be3 Nbd7 12.Nb3 O-O 13.Bf3 Rfd8 14.Qe2 Nc5 15.Bf2 Rac8
16.Rad1 Nfd7 17.Be3 Nb6 18.Nxc5 dxc5 19.Qf2 Nc4 20.Bc1 b4 21.Ne2  1/2-1/2

[Event "ch-Euro Youth b18"]
[Site "Albena BUL"]
[Date "2011.09.18"]
[Round "7.31"]
[White "Talmazan,Ole"]
[Black "Aliakbarov,A"]
[Result "0-1"]
[WhiteElo "1964"]
[BlackElo "2176"]

1.e4 c5 2.Nf3 a6 3.Nc3 e6 4.d4 cxd4 5.Nxd4 Qc7 6.Bd3 Nf6 7.O-O Nc6 8.Be3 Nxd4
9.Bxd4 Bc5 10.Bxc5 Qxc5 11.Kh1 d6 12.f4 e5 13.fxe5 Qxe5 14.Qd2 O-O 15.Rf4 Be6
16.Raf1 Kh8 17.Qf2 Ng4 18.Qg3 Nf6 19.Qh4 g5  0-1

[Event "TCh-FIN SM-Liiga 2011-12"]
[Site "Porvoo FIN"]
[Date "2011.09.18"]
[Round "2.4"]
[White "Nyysti,S"]
[Black "Havansi,E"]
[Result "1-0"]
[WhiteElo "2332"]
[BlackElo "2223"]

1.e4 c5 2.Nf3 e6 3.d4 cxd4 4.Nxd4 a6 5.Nc3 Qc7 6.Bd3 Nf6 7.O-O Be7 8.Kh1 d6
9.f4 O-O 10.Qf3 Nbd7 11.Bd2 Nc5 12.Rae1 Nxd3 13.cxd3 b5 14.Rc1 Qb7 15.a3 Rd8
16.b4 Bd7 17.Nb3 Rac8 18.Na5 Qa8 19.Be3 Rf8 20.Bd4 Ne8 21.Qe3 Bd8 22.Bb6 Nf6
23.Qd4 e5 24.Qxd6 Bxb6 25.Qxb6 exf4 26.Qd6 Rfd8 27.Qxf4 Be6 28.Qg3 Kh8 29.Ne2 Rxc1
30.Rxc1 Rc8 31.Qe1 Rd8 32.Qc3 Ng4 33.Rf1 Qb8 34.Nf4 Rc8 35.Qd2 g5 36.h3 gxf4
37.hxg4 Rg8 38.Qxf4 Qd8 39.Qf6+ Qxf6 40.Rxf6 Rd8 41.Rf3 Bxg4 42.Nb7 Rd7 43.Nc5 Ra7
44.Rf4 Be2 45.d4 Kg7 46.d5 Bc4 47.d6 Be6 48.Nxe6+ fxe6 49.e5 a5 50.Rd4 axb4
51.d7 Ra8 52.d8=Q Rxd8 53.Rxd8 bxa3 54.Rb8  1-0